000 00644nam a2200205Ii 4500
003 JO-AjNU
008 230605s9999||||xx |||||||||||||| ||und||
020 _a30693
040 _aJO-AjNU
_bara
_erda
_cJO-AjNU
041 _aara
050 1 4 _aQC175.36.R4.G45 1984
100 3 _aغصيب ، هشام,
_eauthor
_919930
245 0 0 _aمدخل مبسط الى منطق نظرية النسبيه الخاصة
264 3 1 _aعمان:دار الفرقان ، 1984
300 _a57ص
336 _atext
_btxt
_2rdacontent
337 _aunmediated
_bn
_2rdamedia
338 _avolume
_bnc
_2rdacarrier
650 4 _aالقصص العربية
_919931
999 _aA6665
_c10233
_d10233